| 000 | 00336nam a2200133Ia 4500 | ||
|---|---|---|---|
| 005 | 20260328101455.0 | ||
| 008 | 260328s9999||||xx |||||||||||||| ||und|| | ||
| 100 | _aKohyama, Hisao | ||
| 245 | 4 |
_aThe Japan Architect : _b Hisao Kohyama / _cHisao Kohyama |
|
| 260 | _bShinkenchiku | ||
| 300 | _a184 p. | ||
| 650 | _aARQUITECTOS | ||
| 942 | _cBK | ||
| 999 |
_c8798 _d8798 |
||